| 000 | 00720nam a2200217 i 4500 | ||
|---|---|---|---|
| 001 | 139145 | ||
| 003 | ES-MaACL | ||
| 005 | 20250905141131.0 | ||
| 007 | t| | ||
| 008 | 070214s1956 sp f |||| |bspa d | ||
| 080 | _a929 Tomás de Villanueva, Santo | ||
| 100 | 0 |
_aSanz y Díaz, José, _d1907-1988 _9103694 |
|
| 245 | 1 | 0 |
_aSanto Tomás de Villanueva / _cpor José Sanz y Díaz. |
| 260 |
_aMadrid : _bPublicaciones Españolas, _c1956. |
||
| 300 |
_a27 p., [4] p. de lám. ; _c24 cm. |
||
| 490 | 1 |
_aTemas españoles ; _v279 |
|
| 600 | 1 | 7 |
_aTomás de Villanueva, _cSanto, _d1486-1555 _2 _9139739 |
| 830 | 0 |
_aTemas españoles ; _v279 _9178712 |
|
| 852 |
_aES-MaACL _j1980-F-8 |
||
| 999 |
_c139145 _d139145 |
||